Normal view
MARC view
- تاليف فورد، دونالد ريد؛ ترجمة قنديل، بيومي
Entry Personal Name
001 - CONTROL NUMBER
- control field: 37760
003 - CONTROL NUMBER IDENTIFIER
- control field: JO-AjAnu
005 - DATE AND TIME OF LATEST TRANSACTION
- control field: 20230606080308.0
008 - FIXED-LENGTH DATA ELEMENTS
- fixed length control field: 230606|| aca||aabn | a|a d
040 ## - CATALOGING SOURCE
- Original cataloging agency: JO-AjAnu
- Transcribing agency: JO-AjAnu
100 ## - HEADING--PERSONAL NAME
- Personal name: تاليف فورد، دونالد ريد؛ ترجمة قنديل، بيومي
670 ## - SOURCE DATA FOUND
- Source citation: Work cat.: (JO-AjAnu)19374: تاليف فورد، دونالد ريد؛ ترجمة قنديل، بيومي, author, أخناتون ذلك الفرعون المارق